[Event "BCF-chT4 2223 (4NCL)"]
[Site "England"]
[Date "2023.01.08"]
[Round "4.105"]
[White "Bowler, Nigel"]
[Black "Jones, Robert L"]
[Result "1-0"]
[WhiteElo "1652"]
[BlackElo "1689"]
[PlyCount "103"]
[EventDate "2022.11.05"]
[EventType "team-swiss"]
[EventRounds "11"]
[EventCountry "ENG"]
[SourceTitle "EXT 2024"]
[Source "ChessBase"]
[SourceDate "2023.10.10"]
[SourceVersion "1"]
[SourceVersionDate "2023.10.10"]
[SourceQuality "1"]
[WhiteTeam "Ashfield III"]
[BlackTeam "Iceni III"]
[WhiteTeamCountry "ENG"]
[BlackTeamCountry "ENG"]

1. e4 e6 2. d4 d5 3. Nd2 c5 4. exd5 exd5 5. dxc5 Bxc5 6. Nb3 Bb6 7. Nf3 Nc6 8. c3 h6 9. Bb5 Bxf2+ 10. Kxf2 Qb6+ 11. Nbd4 Nf6 12. Re1+ Ne4+ 13. Kf1 0-0 14. Qb3 Nxd4 15. Nxd4 Qf6+ 16. Nf3 Be6 17. Qd1 Rfd8 18. Qd4 Qxd4 19. Nxd4 a6 20. Bd3 Nc5 21. Bc2 Re8 22. Nxe6 Rxe6 23. Rxe6 fxe6 24. Be3 Nd7 25. g3 g5 26. Re1 Kf7 27. Bd4 Rg8 28. Be5 Ke7 29. Kg2 Nxe5 30. Rxe5 Kd6 31. Re3 b5 32. Rf3 Ke7 33. Kf2 g4 34. Rf4 Rg5 35. Ke2 Rh5 36. Rf2 Rg5 37. Ke3 Kd6 38. Rf8 Rh5 39. Rf2 Rg5 40. Bd1 Re5+ 41. Kd2 Rg5 42. Rf4 h5 43. Bc2 Ke7 44. a4 bxa4 45. Rxa4 e5 46. Rxa6 e4 47. Ra5 Rf5 48. Ke2 Re5 49. Bb3 Kd6 50. Rxd5+ Rxd5 51. Bxd5 Kxd5 52. b4 1-0